Cộng sản

Đã lưu trong:
Sonraí Bibleagrafaíochta
Formáid: Leabhar
Teanga:Undetermined
Foilsithe: Hà Nội Trung ương Đảng Cộng sản Việt Nam 2019
Ábhair:
Clibeanna: Cuir Clib Leis
Gan Chlibeanna, Bí ar an gcéad duine leis an taifead seo a chlibeáil!
Thư viện lưu trữ: Trung tâm Học liệu Trường Đại học Cần Thơ
LEADER 00535nam a2200169Ia 4500
001 CTU_233513
008 210402s9999 xx 000 0 und d
082 |a 324 
082 |b C455 
245 0 |a Cộng sản 
245 0 |c Trung ương Đảng Cộng sản Việt Nam 
260 |a Hà Nội 
260 |b Trung ương Đảng Cộng sản Việt Nam 
260 |c 2019 
650 |a Communist parties,Đảng cộng sản 
650 |z Vietnam,Việt Nam 
980 |a Trung tâm Học liệu Trường Đại học Cần Thơ